| 000 -CABECERA |
| fixed length control field |
01023nam a22002057a 4500 |
| 003 - IDENTIFICADOR DEL NÚMERO DE CONTROL |
| control field |
AR-CdUCM |
| 008 - DATOS DE LONGITUD FIJA--INFORMACIÓN GENERAL |
| fixed length control field |
190427b ||||| |||| 00| 0 spa d |
| 040 ## - FUENTE DE LA CATALOGACIÓN |
| Agencia/entidad que catalogó originalmente la obra |
MUNICIPALIDAD PROVINCIAL DEL CUSCO |
| Entidad que transcribió la catalogación |
BIBLIOTECA MUNICIPAL DEL CUSCO |
| 082 ## - NÚMERO DE LA CLASIFICACIÓN DECIMAL DEWEY |
| No. de Clasificación |
342.804 / |
| Notacion interna |
Z55 / 1909 |
| 100 ## - ENTRADA PRINCIPAL--NOMBRE DE PERSONA |
| Nombre Personal |
Zeballos, E. S. |
| 245 ## - MENCIÓN DE TÍTULO |
| Título |
Justicia internacional positiva : |
| Resto del título |
conferencias dadas en la Facultad de Derechop y Ciencias Sociales de la Universidad de Buenos Aires, en el curso intensivo de derecho internacional privado (derecho privado humano), 1910 / |
| 260 ## - PUBLICACIÓN, DISTRIBUCIÓN, ETC. |
| Lugar de publicación, distribución, etc. |
Valencia : |
| Nombre de la editorial, distribuidor, etc. |
F. Sempere, |
| Fecha de publicación, distribución, etc. |
1909. |
| 300 ## - DESCRIPCIÓN FÍSICA |
| Nº de Páginas Extensión |
148 páginas ; |
| Dimensiones |
21 cm. |
| 505 ## - NOTA DE CONTENIDO CON FORMATO |
| Nota de contenido formateada |
Contenido : Fuentes del derecho internacional privado -- Aplicación de la ley extranjera -- De los extranjeros -- Del estado y capacidad -- De la forma de los actos ... |
| 650 ## - PUNTO DE ACCESO ADICIONAL DE MATERIA--TÉRMINO DE MATERIA |
| Descriptor |
Derecho internacional privado |
| 9 (RLIN) |
9737 |
| 650 ## - PUNTO DE ACCESO ADICIONAL DE MATERIA--TÉRMINO DE MATERIA |
| Descriptor |
Justicia (Derecho internacional privado) |
| 9 (RLIN) |
34452 |
| 650 ## - PUNTO DE ACCESO ADICIONAL DE MATERIA--TÉRMINO DE MATERIA |
| Descriptor |
Ensayos, conferencias |
| 9 (RLIN) |
1255 |
| 942 ## - ELEMENTOS DE PUNTO DE ACCESO ADICIONAL (KOHA) |
| Fuente de clasificación |
|
| Tipo de item |
Libros-BMC |
| 945 ## - PROCESAMIENTO DE INFORMACIÓN LOCAL (OCLC) |
| Catalogador |
achl |
| AAAA-MM-DD - Fecha de ingreso o modificacion |
2019-04-27 |